<?xml version="1.0" encoding="UTF-8"?>
<record
    xmlns:xsi="http://www.w3.org/2001/XMLSchema-instance"
    xsi:schemaLocation="http://www.loc.gov/MARC21/slim http://www.loc.gov/standards/marcxml/schema/MARC21slim.xsd"
    xmlns="http://www.loc.gov/MARC21/slim">

  <leader>01957cam a22003015a 4500</leader>
  <controlfield tag="001">18953996</controlfield>
  <controlfield tag="005">20160726150412.0</controlfield>
  <controlfield tag="008">160129s2015    enk    frb    001 0 eng d</controlfield>
  <datafield tag="010" ind1=" " ind2=" ">
    <subfield code="a">  2015506753</subfield>
  </datafield>
  <datafield tag="020" ind1=" " ind2=" ">
    <subfield code="a">1849466742</subfield>
  </datafield>
  <datafield tag="020" ind1=" " ind2=" ">
    <subfield code="a">9781849466745</subfield>
  </datafield>
  <datafield tag="035" ind1=" " ind2=" ">
    <subfield code="a">(OCoLC)ocn893893999</subfield>
  </datafield>
  <datafield tag="040" ind1=" " ind2=" ">
    <subfield code="a">BTCTA</subfield>
    <subfield code="b">eng</subfield>
    <subfield code="c">BTCTA</subfield>
    <subfield code="e">rda</subfield>
    <subfield code="d"> EG-ScBUE</subfield>
  </datafield>
  <datafield tag="042" ind1=" " ind2=" ">
    <subfield code="a">pcc</subfield>
  </datafield>
  <datafield tag="082" ind1="0" ind2="4">
    <subfield code="2">22</subfield>
    <subfield code="a">342</subfield>
    <subfield code="b">NAT</subfield>
  </datafield>
  <datafield tag="245" ind1="0" ind2="0">
    <subfield code="a">Nationalism and globalisation /</subfield>
    <subfield code="c">edited by Stephen Tierney.</subfield>
  </datafield>
  <datafield tag="260" ind1=" " ind2=" ">
    <subfield code="a">Oxford ;</subfield>
    <subfield code="a">Portland, Oregon :</subfield>
    <subfield code="b">Hart Publishing Ltd / Bloosbury Publishing plc,</subfield>
    <subfield code="c">c.2015.</subfield>
  </datafield>
  <datafield tag="300" ind1=" " ind2=" ">
    <subfield code="a">vi, 283 p. ;</subfield>
    <subfield code="c">24 cm.</subfield>
  </datafield>
  <datafield tag="500" ind1=" " ind2=" ">
    <subfield code="a">Index : p. 275-283.</subfield>
  </datafield>
  <datafield tag="504" ind1=" " ind2=" ">
    <subfield code="a">Bibliography : p. 253-273. </subfield>
  </datafield>
  <datafield tag="505" ind1="0" ind2="0">
    <subfield code="t">Nationalism and Globalisation : New Settings, New Challenges /Stephen Tierney -- Globalisation of Nationalism and the Law /John Breuilly -- Nationalism After the State? /Michael Keating -- Sub-State Nations and Strong States : The Accommodation Impasse? /Stephen Tierney -- Re-Thinking Nationalism After Yugoslavia : Multi/Plurinational Regionalisms as Alternatives to Statehood /Dejan Stjepanovic -- Southphalia or Southfailure? : National Pluralism and the State in South Asia /Asanga Welikala -- Modelling Democratic Secession in International Law /Steven Wheatley -- Beyond Secession? : Law in the Framing of the National Polity /Neil Walker -- Which Pluralism? : External Self-Determination at the Intersection of National, Social and Geopolitical Emancipation /Zoran Oklopcic -- Between Cosmopolis and Community : Justice and Legitimacy in a European Union of Peoples /Richard Bellamy -- 'Even Children Lisp the Rights of Man' : International Human Rights Law and National Minority Jurisdictions /Cormac Mac Amhlaigh.</subfield>
  </datafield>
  <datafield tag="650" ind1=" " ind2="7">
    <subfield code="a">Globalization.</subfield>
    <subfield code="2">BUEsh</subfield>
    <subfield code="9">32203</subfield>
  </datafield>
  <datafield tag="650" ind1=" " ind2="7">
    <subfield code="a">Nationalism.</subfield>
    <subfield code="2">BUEsh</subfield>
    <subfield code="9">39761</subfield>
  </datafield>
  <datafield tag="650" ind1=" " ind2="7">
    <subfield code="a">Constitutional law.</subfield>
    <subfield code="2">BUEsh</subfield>
    <subfield code="9">40464</subfield>
  </datafield>
  <datafield tag="651" ind1=" " ind2=" ">
    <subfield code="2">BUEsh</subfield>
  </datafield>
  <datafield tag="700" ind1="1" ind2=" ">
    <subfield code="a">Tierney, Stephen</subfield>
    <subfield code="e">editor.</subfield>
    <subfield code="9">40463</subfield>
  </datafield>
  <datafield tag="942" ind1=" " ind2=" ">
    <subfield code="2">ddc</subfield>
    <subfield code="e">22</subfield>
    <subfield code="k">342 NAT</subfield>
  </datafield>
  <datafield tag="999" ind1=" " ind2=" ">
    <subfield code="c">22035</subfield>
    <subfield code="d">22007</subfield>
  </datafield>
  <datafield tag="952" ind1=" " ind2=" ">
    <subfield code="0">0</subfield>
    <subfield code="1">0</subfield>
    <subfield code="2">ddc</subfield>
    <subfield code="4">0</subfield>
    <subfield code="7">0</subfield>
    <subfield code="8">Baccah</subfield>
    <subfield code="a">MAIN</subfield>
    <subfield code="b">MAIN</subfield>
    <subfield code="c">1ST</subfield>
    <subfield code="d">2016-07-26</subfield>
    <subfield code="e">Purchase</subfield>
    <subfield code="g">645.00</subfield>
    <subfield code="h">26080</subfield>
    <subfield code="l">0</subfield>
    <subfield code="o">342 NAT</subfield>
    <subfield code="p">000032960</subfield>
    <subfield code="r">2025-07-15 00:00:00</subfield>
    <subfield code="v">806.25</subfield>
    <subfield code="y">BB</subfield>
  </datafield>
</record>
